LEADER 01174nam a2200289 u 4500 001 000000057807 003 CaOOAMICUS 005 20070226120625.0 008 010517s1996 it u000 u ita u 020 $a8826311196 035 $a10889210 040 $aPUL(R)$bita 245 00$aDio - Signore nella Bibbia /$channo collaborato: Gabriele Boccaccini ... [et al.]. 260 $aRoma :$bBorla,$cc1996. 300 $a266 p. ;$c21 cm 490 1 $aDizionario di spiritualitą biblico-patristica ;$v13 504 $aBibliografia: p. 266. 650 4$aPadri della Chiesa.$0(OLS)http://pul/subject/533 700 1 $aBoccaccini, Gabriele.$0(OLS)http://pul/name/70 830 0$aDizionario di spiritualitą biblico-patristica ;$v13.$0(OLS)http://pul/title/65660 850 $aPUL 852 $aPUL$W1$xSL Cons. Gen., Altre Classi 1$y1$m2016.E$j75399$nBK-PRI$b $qStampati$B75536$CPULBib$Z2$F75536 $H $81 941 1 $a8 961 $aINV: 74836 996 $6020$a8826311196$9(OLS)http://pul/number/73112 996 $6245$aDio - Signore nella Bibbia$9(OLS)http://pul/title/77391 996 $6260$aRoma :$bBorla$9(OLS)http://pul/publisher/48061 LEADER 01739nam a2200385 u 4500 001 000000079376 003 CaOOAMICUS 005 20251022113724.0 008 040601s2003 it u000 u ita u 020 $a8870944417 035 $a10997404 040 $aPUL$bita 041 1 $aita$hlat 100 0 $aThomas Aquinas,$cs.,$dc. 1225-1274.$0(OLS)http://pul/name/3373 240 10$aGruppi, scelte$9(Thomas Aquinas, s., c. 1225-1274).$lItaliano.$0(OLS)http://pul/title/12308 245 12$aI sermoni = :$b(Sermones) e le due lezioni inaugurali = (Principia) /$cS. Tommaso d'Aquino ; a cura di Carmelo Pandolfi e P. Giorgio Maria Carbone. 246 31$aPrincipia 246 31$aSermones 260 $aBologna :$bEdizioni Studio Domenicano,$cc2003. 300 $a366 p. ;$c22 cm 490 1 $aOpere di San Tommaso ;$v12 504 $aBibliografia in nota. 700 1 $aCarbone, Giorgio Maria,$cO.P.$0(OLS)http://pul/name/52879 700 1 $aPandolfi, Carmelo.$0(OLS)http://pul/name/13843 830 0$aOpere di San Tommaso ;$v12.$0(OLS)http://pul/title/57995 850 $aPUL 852 $aPUL$W1$xSL Filosofia 2$y80$mPhil D2 8a.12$j101585$nBK-PRI$qStampati Altre Collocazioni$B101585$CPULBib$Z2$F101585 $H92893 $81 900 $aTommaso d'Aquino,$cs.,$dc.1225-1274$93373 941 1 $a10 996 $6020$a8870944417$9(OLS)http://pul/number/104322 996 $6245$aI sermoni = :$b(Sermones) e le due lezioni inaugurali = (Principia)$9(OLS)http://pul/title/103941 996 $6246$aSermones$9(OLS)http://pul/title/23099 996 $6246$aPrincipia$9(OLS)http://pul/title/103942 996 $6260$aBologna :$bEdizioni Studio Domenicano$9(OLS)http://pul/publisher/49136